[Event "KO 1400/2000"]
[Site "SchemingMind.com"]
[Date "2006.11.10"]
[Round "-"]
[White "reptile"]
[Black "loco61"]
[Result "1-0"]
[WhiteCountry "ISR"]
[BlackCountry "ENG"]
[WhiteElo "1946"]
[WhiteRD "82"]
[BlackElo "1610"]
[BlackRD "60"]
[GameID "75971"]

1. d4 d5 2. c4 dxc4 3. Nf3 b5 4. a4 c6 5. axb5 cxb5 6. b3 Be6 7. e4 Nf6 8. e5 Ne4 9. bxc4 Bxc4 10. Bxc4 bxc4
11. Qa4+ Qd7 12. Qxc4 e6 13. O-O Qc6 14. Nbd2 Qxc4 15. Nxc4 Bb4 16. Ba3 Nc6 17. Bxb4 Nxb4 18. Rfb1 Nd3 19. Nd6+ Nxd6 20. exd6 O-O
21. Ra6 Rfd8 22. Rb7 f6 23. Re7 Nb4 24. Raxa7 Rxa7 25. Rxa7 Rxd6 26. h3 Nc6 27. Ra6 Kf7 28. d5 exd5 29. Nd4 Ke7 30. Rxc6 Rxc6
31. Nxc6+ Kd6 32. Na7 Ke5 33. Kf1 d4 34. Ke2 Ke4 35. Nb5 d3+ 36. Kd2 g5 37. Nc3+ Kd4 38. Nd1 f5 39. Nb2 h5 40. Nxd3 f4
41. f3 Kc4 42. Ne5+ Kd4 43. Nd7 h4 44. Ke2 Kd5 45. Kd3 Ke6 46. Ke4
1-0

[Event "KO 1400/2000"]
[Site "SchemingMind.com"]
[Date "2006.11.11"]
[Round "-"]
[White "loco61"]
[Black "reptile"]
[Result "0-1"]
[WhiteCountry "ENG"]
[BlackCountry "ISR"]
[WhiteElo "1570"]
[WhiteRD "60"]
[BlackElo "1944"]
[BlackRD "79"]
[GameID "75978"]

1. e4 c5 2. Nf3 Nc6 3. Bc4 d6 4. h3 Nf6 5. Nc3 a6 6. d4 cxd4 7. Nxd4 e6 8. Bg5 Be7 9. Qd2 Nxd4 10. Qxd4 b5
11. Nxb5 axb5 12. Bxb5+ Bd7 13. Bxd7+ Qxd7 14. O-O Qc6 15. e5 dxe5 16. Qd3 O-O 17. c3 e4 18. Qd4 Rfd8 19. Qe3 Rd3 20. Qe2 Rad8
21. Rad1 Qd5 22. Rxd3 exd3 23. Qe3 Qxa2 24. b4 Qc2 25. Qc1 Kf8 26. f3 Nd5 27. Bd2 Rc8 28. Qxc2 dxc2 29. Ra1 Bd6 30. Ra2 Nxc3
31. Rb2 Ne2+ 32. Kf2 c1=Q 33. Bxc1 Nxc1 34. Rb1 Nd3+
0-1

[Event "KO 1400/2000"]
[Site "SchemingMind.com"]
[Date "2006.11.13"]
[Round "-"]
[White "spoke"]
[Black "tacticrules"]
[Result "1-0"]
[WhiteCountry "GER"]
[BlackCountry "GER"]
[WhiteElo "1701"]
[WhiteRD "58"]
[BlackElo "1610"]
[BlackRD "53"]
[GameID "76462"]

1. e4 e5 2. Nf3 Nc6 3. Bc4 Bc5 4. d3 h6 5. Nc3 Nf6 6. a3 d6 7. b4 Bb6 8. Na4 Be6 9. Nxb6 axb6 10. b5 Na5
11. Bxe6 fxe6 12. Bd2 O-O 13. O-O c5 14. c4 Qc7 15. Bc3 Rfe8 16. h3 Rad8 17. Ra2 d5 18. Bxe5 Qf7 19. cxd5 exd5 20. Bxf6 Qxf6
21. e5 Qe6 22. Re2 c4 23. Nd4 Qc8 24. Nf3 Qe6 25. d4 Nb3 26. Qc2 Rc8 27. Qc3 Rc7 28. Nd2 Nxd2 29. Rxd2 Rec8 30. f4 Qf5
31. a4 h5 32. Ra2 Ra8 33. a5 bxa5 34. Rxa5 Rxa5 35. Qxa5 Qc8 36. b6 Rc6 37. Qxd5+ Kh8 38. Qe4 Rxb6 39. d5 c3 40. e6 c2
41. e7 Qc5+ 42. Kh2
1-0

[Event "KO 1400/2000"]
[Site "SchemingMind.com"]
[Date "2006.11.13"]
[Round "-"]
[White "tacticrules"]
[Black "spoke"]
[Result "1/2-1/2"]
[WhiteCountry "GER"]
[BlackCountry "GER"]
[WhiteElo "1601"]
[WhiteRD "58"]
[BlackElo "1677"]
[BlackRD "57"]
[GameID "76467"]

1. f4 d5 2. Nc3 Nc6 3. e3 e5 4. fxe5 Nxe5 5. d4 Nc6 6. Nf3 Bg4 7. Be2 Nf6 8. h3 Bh5 9. Nh4 Ne4 10. Nf5 Nxc3
11. bxc3 Bg6 12. Bd3 Bxf5 13. Bxf5 Qh4+ 14. Ke2 g6 15. Bg4 Bd6 16. Bd2 O-O 17. Be1 Bg3 18. Rf1 f5 19. Bf3 Ne7 20. Bxg3 Qxg3
21. Qe1 Qxe1+ 22. Kxe1 Rab8 23. a4 a6 24. a5 Kg7 25. Rb1 b5 26. Kd2 Rbc8 27. g4 f4 28. Be2 fxe3+=
1/2-1/2

[Event "KO 1400/2000"]
[Site "SchemingMind.com"]
[Date "2006.11.16"]
[Round "-"]
[White "TONYTODD11"]
[Black "JPT"]
[Result "0-1"]
[WhiteCountry "ENG"]
[BlackCountry "INT"]
[WhiteElo "1546"]
[WhiteRD "84"]
[BlackElo "1774"]
[BlackRD "78"]
[GameID "76794"]

1. e4 e5 2. f4 exf4 3. Nf3 Be7 4. d4 Bh4+ 5. Nxh4 Qxh4+ 6. g3 fxg3 7. Qe2 g2+ 8. Kd1 gxh1=Q 9. Nc3 d6 10. Be3 Bg4
0-1

[Event "KO 1400/2000"]
[Site "SchemingMind.com"]
[Date "2006.11.15"]
[Round "-"]
[White "Rotceh"]
[Black "harmy"]
[Result "0-1"]
[WhiteCountry "MEX"]
[BlackCountry "USA"]
[WhiteElo "1622"]
[WhiteRD "56"]
[BlackElo "1904"]
[BlackRD "75"]
[GameID "76795"]

1. e4 e5 2. Nf3 Nc6 3. d4 exd4 4. Nxd4 Nf6 5. Nxc6 bxc6 6. e5 Qe7 7. Qe2 Nd5 8. c4 Ba6 9. b3 Qh4 10. Bb2 Bb4+
11. Nd2 O-O-O 12. a3 Bxd2+ 13. Qxd2 Nb6 14. Qd4 Qxd4 15. Bxd4 Rhe8 16. Bd3 d6 17. O-O dxe5 18. Bxb6 cxb6 19. Bf5+ Kc7 20. Rad1 g6
21. Bg4 Rd4 22. Rxd4 exd4 23. a4 Kd6 24. Rd1 c5 25. f4 Re3 26. Rb1 Rc3 27. Bd1 Bb7 28. Kf2 Be4 29. Rb2 f5 30. g3 Rc1
31. Bf3 Rc2+ 32. Rxc2 Bxc2 33. Bd5 Bxb3 34. Bg8 Bxa4 35. Bxh7 Be8 36. h4 Ke7 37. h5 Kf6 38. h6 Bf7 39. Kf3 Bxc4 40. g4 fxg4+
41. Kxg4 Be6+ 42. Kf3 Kf7
0-1

[Event "KO 1400/2000"]
[Site "SchemingMind.com"]
[Date "2006.11.16"]
[Round "-"]
[White "JPT"]
[Black "TONYTODD11"]
[Result "1-0"]
[WhiteCountry "INT"]
[BlackCountry "ENG"]
[WhiteElo "1770"]
[WhiteRD "78"]
[BlackElo "1512"]
[BlackRD "79"]
[GameID "76799"]

1. e4 e5 2. Bb5 Nf6 3. Nf3 c6 4. Ba4 Qc7 5. O-O Be7 6. d3 d5 7. exd5 Nxd5 8. Bd2 Bg4 9. Nc3 O-O 10. Bb3 Nd7
11. Nxd5 cxd5 12. Bxd5 Nf6 13. Bb3 e4 14. dxe4 Nxe4 15. Be3 Rad8 16. Qe2 Bd6 17. Bb6 Bxf3 18. Qxf3 Qxb6 19. Qxe4 Qc7 20. Qh4 Be5
21. c3 h6 22. Rfe1 Bf6 23. Qc4 Qxc4 24. Bxc4 Rd2 25. Rab1 Rc8 26. Bb3 Rc5 27. Re8+ Kh7 28. Bxf7 Rf5 29. f3 Bh4 30. Bg8+ Kg6
31. Re6+ Bf6 32. b4 Kg5 33. Rbe1 Bxc3 34. Bh7 Rf6 35. Re7 Rfd6 36. Rxb7 a6 37. Rc7 Bd4+ 38. Kh1 Re6 39. Rcc1 Be3 40. Be4 Re2
41. Rcd1 Rxe1+ 42. Rxe1 Bd2 43. Rb1 Rd6 44. a3 Rb6 45. Kg1 Rb5 46. Rd1 Be3+ 47. Kf1 Kf4 48. Rd5 Rxd5 49. Bxd5 g5 50. Ke2 h5
51. g3+ Ke5 52. Kxe3 Kxd5 53. a4
1-0

[Event "KO 1400/2000"]
[Site "SchemingMind.com"]
[Date "2006.11.15"]
[Round "-"]
[White "harmy"]
[Black "Rotceh"]
[Result "1-0"]
[WhiteCountry "USA"]
[BlackCountry "MEX"]
[WhiteElo "1872"]
[WhiteRD "75"]
[BlackElo "1620"]
[BlackRD "60"]
[GameID "76800"]

1. d4 Nc6 2. Nf3 e6 3. e4 d6 4. c4 Nce7 5. Bd3 Ng6 6. h4 e5 7. h5 Nf4 8. Bxf4 exf4 9. Qd2 Qf6 10. Rh4 g5
11. hxg6 hxg6 12. Rxh8 Qxh8 13. Qxf4 Qh1+ 14. Bf1 Bh6 15. Qh2 Qxh2 16. Nxh2 Bg7 17. Nf3 Bg4 18. Nbd2 Nf6 19. O-O-O Nd7 20. Re1 O-O-O
21. Nb3 Nb6 22. Kc2 Na4 23. e5 Bxf3 24. gxf3 dxe5 25. dxe5 f5 26. Bd3 Re8 27. Rg1 Bxe5 28. Rxg6 f4 29. c5 Bxb2 30. Bb5 Rf8
31. Bxa4 Be5 32. c6 b6 33. Bb5 Rf6 34. Rg8+
1-0

[Event "KO 1400/2000"]
[Site "SchemingMind.com"]
[Date "2006.11.16"]
[Round "-"]
[White "Maksymiliang"]
[Black "fishofchaos"]
[Result "1-0"]
[WhiteCountry "POL"]
[BlackCountry "ENG"]
[WhiteElo "1783"]
[WhiteRD "103"]
[BlackElo "1575"]
[BlackRD "58"]
[GameID "76907"]

1. Nf3 c5 2. c4 Nf6 3. Nc3 Nc6 4. d4 cxd4 5. Nxd4 e6 6. Nxc6 bxc6 7. e3 Be7 8. Bd3 d5 9. O-O O-O 10. Qc2 Ba6
11. cxd5 Bxd3 12. Qxd3 cxd5 13. b3 Qc7 14. h3 Rfc8 15. Bb2 a6 16. Rac1 Qd6 17. Ne2 Ne4 18. Rxc8+ Rxc8 19. Rc1 Rxc1+ 20. Bxc1 h6
21. Bb2 Qb4 22. Qd1 Qa5 23. a4 Qb4 24. Nc1 a5 25. Na2 Qb8 26. Nc3 Nxc3 27. Bxc3 Bb4 28. Qd4 Bxc3 29. Qxc3 Qb6 30. f3 f6=
31. Kf2 Kf7 32. Ke2 Ke7 33. f4 Kd6 34. Kd2 Qc5 35. Kd3 Qxc3+ 36. Kxc3 Kc5 37. g3 g5 38. fxg5 hxg5 39. h4
1-0

[Event "KO 1400/2000"]
[Site "SchemingMind.com"]
[Date "2006.11.16"]
[Round "-"]
[White "Gilligan"]
[Black "annis"]
[Result "0-1"]
[WhiteCountry "USA"]
[BlackCountry "USA"]
[WhiteElo "1629"]
[WhiteRD "63"]
[BlackElo "1689"]
[BlackRD "107"]
[GameID "76908"]

1. e4 e5 2. Nf3 Nc6 3. Bc4 Nf6 4. d3 Be7 5. O-O O-O 6. Bg5 d6 7. h3 Na5 8. Nbd2 h6 9. Be3 Nxc4 10. Nxc4 b6
11. c3 Bb7 12. Qc2 Re8 13. Rad1 c6 14. Ncd2 Qc7 15. d4 d5 16. dxe5 Nd7 17. exd5 Nxe5 18. dxc6 Bxc6 19. b3 Bf6 20. Nxe5 Qxe5
21. Bd4 Qg5 22. Bxf6 Qxg2#
0-1

[Event "KO 1400/2000"]
[Site "SchemingMind.com"]
[Date "2006.11.16"]
[Round "-"]
[White "Marvol"]
[Black "Mitchell-in"]
[Result "1-0"]
[WhiteCountry "GBR"]
[BlackCountry "ENG"]
[WhiteElo "1951"]
[WhiteRD "120"]
[BlackElo "1567"]
[BlackRD "64"]
[GameID "76909"]

1. d4 d5 2. c4 e5 3. dxe5 d4 4. Nf3 Nc6 5. g3 Be6 6. Nbd2 Bb4 7. Qa4 Bxc4 8. a3 Bxd2+ 9. Bxd2 Be6 10. Bg2 Ne7
11. O-O O-O 12. Rfd1 Ng6 13. Bc3 Qe7 14. Nxd4 Nxd4 15. Rxd4 c6 16. f4 Rfd8 17. Rad1 Rxd4 18. Qxd4 h6 19. b4 Bb3 20. Rd2 Kh7
21. Be4 Kh8 22. Qd6 Qxd6 23. exd6 Rd8 24. b5 Nf8 25. bxc6 bxc6 26. Ba5 Rb8 27. Bc7 Rc8 28. d7
1-0

[Event "KO 1400/2000"]
[Site "SchemingMind.com"]
[Date "2006.11.16"]
[Round "-"]
[White "fishofchaos"]
[Black "Maksymiliang"]
[Result "1/2-1/2"]
[WhiteCountry "ENG"]
[BlackCountry "POL"]
[WhiteElo "1517"]
[WhiteRD "56"]
[BlackElo "1794"]
[BlackRD "109"]
[GameID "76913"]

1. d4 d5 2. c4 dxc4 3. Nf3 c5 4. e3 cxd4 5. exd4 Nf6 6. Bxc4 e6 7. Nc3 Nc6 8. O-O Be7 9. a3 O-O 10. Be3 a6
11. Re1 b5 12. Bd3 Bb7 13. Qc2 Rc8 14. Qd2 Na5 15. Qe2 Nb3=
1/2-1/2

[Event "KO 1400/2000"]
[Site "SchemingMind.com"]
[Date "2006.11.16"]
[Round "-"]
[White "annis"]
[Black "Gilligan"]
[Result "1-0"]
[WhiteCountry "USA"]
[BlackCountry "USA"]
[WhiteElo "1689"]
[WhiteRD "107"]
[BlackElo "1629"]
[BlackRD "63"]
[GameID "76914"]

1. e4 e5 2. Nf3 Nc6 3. Bb5 d6 4. d4 Bd7 5. O-O a6 6. Bxc6 bxc6 7. Nc3 Bg4 8. Be3 Be7 9. h3 Bh5 10. dxe5 Bxf3
11. Qxf3 dxe5 12. Rfd1 Qb8 13. Rab1 Nf6 14. Na4 O-O 15. Bc5 Re8 16. Rd3 Bd6 17. Rb3 Qc8 18. Bxd6 cxd6 19. Nb6 Qd8 20. Nxa8 Qxa8
21. c4 d5 22. cxd5 cxd5 23. exd5 Nxd5 24. Rd1 e4 25. Qg3 Nf6 26. Qg5 h6 27. Qa5 Nh5 28. Qxh5 Qc6 29. Qe2 f5 30. Rc3 Qg6
31. Rdc1 Kh7 32. Rc6 Qg5 33. R1c5 Qe7 34. Rxf5 Qd7 35. Rfc5 Re6 36. Rxe6 Qxe6 37. b4 Qe7 38. Qxa6 e3 39. Qd3+ g6 40. Qxe3 Qd7
41. Re5 Qd1+ 42. Qe1
1-0

[Event "KO 1400/2000"]
[Site "SchemingMind.com"]
[Date "2006.11.16"]
[Round "-"]
[White "Mitchell-in"]
[Black "Marvol"]
[Result "0-1"]
[WhiteCountry "ENG"]
[BlackCountry "GBR"]
[WhiteElo "1567"]
[WhiteRD "64"]
[BlackElo "1951"]
[BlackRD "120"]
[GameID "76915"]

1. e4 e5 2. Nf3 Nc6 3. Bc4 Nf6 4. d4 exd4 5. Ng5 d5 6. exd5 Qe7+ 7. Kf1 Ne5 8. Qxd4 Nxc4 9. Qxc4 Qc5 10. Qxc5 Bxc5
11. Nc3 Bf5 12. Bf4 h6 13. Nf3 O-O-O 14. Ne5 Rhf8 15. Na4 Bd6 16. c4 Nh5 17. c5 Bxc5 18. Nxc5 Nxf4 19. Rd1 b6 20. Ncd3 Nxd3
21. Nxd3 Rxd5 22. Ke2 Re8+
0-1

[Event "KO 1400/2000"]
[Site "SchemingMind.com"]
[Date "2006.11.21"]
[Round "-"]
[White "simon_w"]
[Black "mtrx"]
[Result "1-0"]
[WhiteCountry "IRL"]
[BlackCountry "PHI"]
[WhiteElo "1678"]
[WhiteRD "72"]
[BlackElo "1637"]
[BlackRD "66"]
[GameID "77271"]

1. e4 c5 2. Bc4 e6 3. Qe2 Nc6 4. Nf3 g6 5. O-O Bg7 6. Nc3 Nge7 7. d3 a6 8. a4 d5 9. exd5 Bxc3 10. dxc6 Bg7
11. cxb7 Bxb7 12. Rb1 O-O 13. Ne5 Nf5 14. c3 Qf6 15. Nd7 Qe7 16. Nxf8 Rxf8 17. Be3 Nxe3 18. fxe3 Qg5 19. d4 cxd4 20. exd4 e5
21. Qf2 exd4 22. Bxf7+ Kh8 23. c4 d3 24. Qg3 Qc5+ 25. Kh1 Be4 26. b4 Qd4 27. Rbd1 Be5 28. Qh3 Bf5 29. Rxf5 gxf5 30. Bg6 Qd7
31. Rxd3 Qg7 32. Bxf5 h6 33. Rd7 Qg5 34. g4 Qc1+ 35. Kg2 Qb2+ 36. Kg1 Qc1+ 37. Qf1 Qe3+ 38. Kg2 Bf4 39. Qf3 Qc1 40. Rh7+
1-0

[Event "KO 1400/2000"]
[Site "SchemingMind.com"]
[Date "2006.11.22"]
[Round "-"]
[White "mtrx"]
[Black "simon_w"]
[Result "1-0"]
[WhiteCountry "PHI"]
[BlackCountry "IRL"]
[WhiteElo "1637"]
[WhiteRD "66"]
[BlackElo "1678"]
[BlackRD "72"]
[GameID "77276"]

1. c4 c5 2. Nc3 Nf6 3. g3 e5 4. Bg2 d6 5. Nf3 Be7 6. d3 O-O 7. Bd2 Bd7 8. Qc2 a6 9. b3 h6 10. e4 Nc6
11. Nd5 Nxd5 12. exd5 Nd4 13. Nxd4 cxd4 14. O-O Rc8 15. f4 exf4 16. Bxf4 Bf5 17. Bxh6 Bg6 18. Bf4 b5 19. Qd2 bxc4 20. dxc4 Bf6
21. Qb4 Rc5 22. Rad1 a5 23. Qd2 a4 24. Rfe1 axb3 25. axb3 Qc7 26. Bf1 Ra5 27. Bd3 Bxd3 28. Qxd3 Ra2 29. Rd2 Rxd2 30. Bxd2 Be5
31. b4 f5 32. b5 f4 33. gxf4 Bxf4 34. Bxf4 Rxf4 35. Rf1 Rg4+ 36. Kh1 Qe7 37. h3 Qe4+ 38. Qxe4 Rxe4 39. b6 Re7 40. Rd1 Rb7
41. Rxd4 Rxb6 42. Kg2 Rb3 43. Re4 g5 44. Rg4 Kf7 45. Rxg5 Rd3 46. h4 Rd4 47. Kg3 Rxc4 48. h5 Kf6= 49. Rg6+ Ke7 50. Rg4 Rxg4+
51. Kxg4 Kf6 52. Kf4
1-0

[Event "KO 1400/2000"]
[Site "SchemingMind.com"]
[Date "2006.12.11"]
[Round "-"]
[White "Maksymiliang"]
[Black "harmy"]
[Result "0-1"]
[WhiteCountry "POL"]
[BlackCountry "USA"]
[WhiteElo "1737"]
[WhiteRD "99"]
[BlackElo "1899"]
[BlackRD "77"]
[GameID "81309"]

1. d4 d5 2. c4 c6 3. Nf3 Nf6 4. Nc3 dxc4 5. e4 b5 6. e5 Nd5 7. a4 Bb7 8. Be2 e6 9. O-O Bb4 10. Qc2 Bxc3
11. bxc3 Nd7 12. Bb2 N7b6 13. axb5 cxb5 14. Rfd1 Nf4 15. Rab1 Nbd5 16. Bf1 g5 17. h3 Ng6 18. Kh1 Ndf4 19. Kh2 g4 20. hxg4 Bxf3
21. gxf3 Qh4+ 22. Kg1 Nh3+ 23. Bxh3 Qxh3 24. Qe4 O-O
0-1

[Event "KO 1400/2000"]
[Site "SchemingMind.com"]
[Date "2006.12.11"]
[Round "-"]
[White "harmy"]
[Black "Maksymiliang"]
[Result "1-0"]
[WhiteCountry "USA"]
[BlackCountry "POL"]
[WhiteElo "1899"]
[WhiteRD "77"]
[BlackElo "1737"]
[BlackRD "99"]
[GameID "81320"]

1. d4 d5 2. c4 c6 3. Nf3 Nf6 4. Nc3 e6 5. Bg5 Be7 6. e3 O-O 7. Bd3 dxc4 8. Bxc4 b5 9. Bd3 Nbd7 10. Rc1 Bb7
11. O-O Rc8 12. e4 b4 13. Na4 a5 14. Bb1 h6 15. Be3 Ba6 16. Re1 Re8 17. Qc2 Nf8 18. Ne5 Bb7 19. Nc4 N6d7 20. Rcd1 g5
21. Nc5 Nxc5 22. dxc5 Qc7 23. Nd6 Bxd6 24. cxd6 Qd7 25. Qc5 Qd8 26. Qa7 Rb8 27. Bb6 Qd7 28. Bc7
1-0

[Event "KO 1400/2000"]
[Site "SchemingMind.com"]
[Date "2007.01.04"]
[Round "-"]
[White "reptile"]
[Black "spoke"]
[Result "1-0"]
[WhiteCountry "ISR"]
[BlackCountry "GER"]
[WhiteElo "1947"]
[WhiteRD "76"]
[BlackElo "1752"]
[BlackRD "56"]
[GameID "85173"]

1. d4 Nf6 2. c4 g6 3. Nc3 d5 4. cxd5 Nxd5 5. e4 Nxc3 6. bxc3 Bg7 7. Bc4 c5 8. Ne2 Nc6 9. Be3 O-O 10. O-O Qc7
11. h3 cxd4 12. cxd4 e6 13. Rc1 Bd7 14. Qd2 a6 15. Bh6 b5 16. Bxg7 Kxg7 17. Bb3 Qd6 18. Rfd1 a5 19. d5 exd5 20. exd5 Ne5
21. Ng3 a4 22. Bc2 Rac8 23. Ne4 Qb6 24. Bb1 Rxc1 25. Rxc1 Nc4 26. Qb4 Rc8 27. Qe7 Qd8 28. Qb4 Qb6= 29. Bd3 Ne5 30. Rxc8 Nxd3
31. Qf8#
1-0

[Event "KO 1400/2000"]
[Site "SchemingMind.com"]
[Date "2007.01.04"]
[Round "-"]
[White "spoke"]
[Black "reptile"]
[Result "1/2-1/2"]
[WhiteCountry "GER"]
[BlackCountry "ISR"]
[WhiteElo "1742"]
[WhiteRD "57"]
[BlackElo "1958"]
[BlackRD "76"]
[GameID "85179"]

1. e4 Nf6 2. Nc3 d5 3. exd5 Nxd5 4. Qf3 Nxc3 5. dxc3 e6 6. Bd3 Nc6 7. Bf4 e5 8. Bd2 Be6 9. Ne2 Be7 10. O-O Qd7
11. Ng3 O-O 12. Rad1 Bg4 13. Qe4 f5 14. Qc4+ Kh8 15. f3 f4 16. fxg4 fxg3 17. Bf5 gxh2+ 18. Kxh2 Qe8 19. Be3 Bd6 20. Be4 Ne7
21. Rxf8+ Qxf8 22. Rf1 Qg8 23. Qxg8+ Kxg8 24. c4 c6 25. Rd1 Rd8 26. Bc5 Bc7 27. Rxd8+ Bxd8 28. Bxa7 Bc7 29. Be3 h6 30. g5 hxg5
31. Bxg5 Nc8 32. a4 Kf7 33. c5 Ne7 34. g4 Nd5 35. Bxd5+ cxd5 36. Kg3 Ke6 37. b4 d4 38. b5 e4+ 39. Bf4 Bxf4+ 40. Kxf4 e3
41. Kf3 Kd5 42. c6 bxc6 43. bxc6 Kxc6 44. c3 dxc3 45. Kxe3 Kc5 46. Kd3 Kb4 47. Kc2 Kxa4 48. Kxc3 Kb5 49. Kd4= Kc6 50. Ke5 Kd7
51. Kf5 Ke7 52. Kg6 Kf8 53. Kh7 g5 54. Kg6=
1/2-1/2

[Event "KO 1400/2000"]
[Site "SchemingMind.com"]
[Date "2007.02.13"]
[Round "-"]
[White "Marvol"]
[Black "mtrx"]
[Result "1-0"]
[WhiteCountry "GBR"]
[BlackCountry "PHI"]
[WhiteElo "1829"]
[WhiteRD "96"]
[BlackElo "1491"]
[BlackRD "70"]
[GameID "91508"]

1. d4 g6 2. c4 Bg7 3. Nf3 d6 4. g3 c6 5. Bg2 Bd7 6. O-O Nf6 7. Nc3 a6 8. a4 O-O 9. e4 Bg4 10. Be3 Nbd7
11. h3 Bxf3 12. Bxf3 Nb6 13. Qb3 Nfd7 14. c5 Nc8 15. a5 e6 16. d5 Nxc5 17. Bxc5 dxc5 18. dxe6 fxe6 19. Bg4 Kh8 20. f4 Qd4+
21. Kg2 c4 22. Qxb7 Nd6 23. Qxc6 Nb5 24. Rad1 Qa7 25. Rd7 Qe3 26. Nxb5 axb5 27. Bxe6
1-0

[Event "KO 1400/2000"]
[Site "SchemingMind.com"]
[Date "2007.02.12"]
[Round "-"]
[White "mtrx"]
[Black "Marvol"]
[Result "0-1"]
[WhiteCountry "PHI"]
[BlackCountry "GBR"]
[WhiteElo "1491"]
[WhiteRD "70"]
[BlackElo "1829"]
[BlackRD "96"]
[GameID "91517"]

1. Nf3 d5 2. d4 Nf6 3. Bg5 e6 4. e3 Be7 5. Bd3 b6 6. Nc3 Bb7 7. Ne5 O-O 8. h4 h6 9. Bxf6 Bxf6 10. Ne2 Nd7
11. Nf4 Nxe5 12. dxe5 Bxe5 13. c3 Qd6 14. Qg4 Bxf4 15. exf4 e5 16. Qf5 g6 17. Qg4 f5 18. Qh3 e4 19. Bc2 Qxf4 20. Qe3 Qxe3+
21. fxe3 f4 22. exf4 Rxf4 23. O-O-O Raf8 24. g3 Rg4 25. Rhg1 Rf3 26. c4 Kf8 27. cxd5 Ke7 28. Bxe4 Rxe4
0-1

[Event "KO 1400/2000"]
[Site "SchemingMind.com"]
[Date "2007.04.11"]
[Round "-"]
[White "reptile"]
[Black "harmy"]
[Result "0-1"]
[WhiteCountry "ISR"]
[BlackCountry "USA"]
[WhiteElo "1894"]
[WhiteRD "73"]
[BlackElo "1943"]
[BlackRD "85"]
[GameID "99853"]

1. d4 d5 2. c4 c6 3. Nf3 Nf6 4. Nc3 dxc4 5. a4 Bf5 6. e3 e6 7. Bxc4 Bb4 8. O-O Nbd7 9. Nh4 Bg6 10. Qb3 a5
11. g3 O-O 12. Nxg6 hxg6 13. Be2 Re8 14. Na2 c5 15. Nxb4 cxb4 16. Bf3 Qb6 17. Bd2 Rad8 18. Rfd1 e5 19. dxe5 Nxe5 20. Bg2 Rd3
21. Qc2 b3 22. Qc1 Red8 23. h3 Qe6 24. f4 Nc4 25. Bf1 Rxd2 26. Re1 Rc2 27. Qb1 Qe4
0-1

[Event "KO 1400/2000"]
[Site "SchemingMind.com"]
[Date "2007.04.11"]
[Round "-"]
[White "harmy"]
[Black "reptile"]
[Result "1-0"]
[WhiteCountry "USA"]
[BlackCountry "ISR"]
[WhiteElo "1943"]
[WhiteRD "85"]
[BlackElo "1894"]
[BlackRD "73"]
[GameID "99858"]

1. d4 Nf6 2. c4 e6 3. Nc3 Bb4 4. a3 Bxc3+ 5. bxc3 d5 6. cxd5 exd5 7. e3 c5 8. Bd3 O-O 9. Ne2 Re8 10. O-O Nbd7
11. Ng3 b6 12. Bb5 Re6 13. c4 Bb7 14. Bb2 Ne4 15. Nf5 Rg6 16. f3 Nd6 17. Nxd6 Rxd6 18. cxd5 Bxd5 19. e4 Bc6 20. Bxc6 Rxc6
21. d5 Rd6 22. f4 Nf8 23. Qf3 f5 24. exf5 Rxd5 25. Rad1 Rxd1 26. Rxd1 Qe8 27. Qd5+
1-0

[Event "KO 1400/2000"]
[Site "SchemingMind.com"]
[Date "2007.05.17"]
[Round "-"]
[White "JPT"]
[Black "Marvol"]
[Result "0-1"]
[WhiteCountry "INT"]
[BlackCountry "GBR"]
[WhiteElo "1744"]
[WhiteRD "77"]
[BlackElo "1954"]
[BlackRD "98"]
[GameID "105620"]

1. e4 c5 2. c3 Nf6 3. e5 Nd5 4. Nf3 Nc6 5. Bc4 Nb6 6. Bb3 g6 7. Qe2 Bg7 8. d4 cxd4 9. cxd4 d5 10. h3 O-O
11. Bd2 a5 12. a3 Bf5 13. Nc3 a4 14. Ba2 Na5 15. O-O Nb3 16. Bxb3 axb3 17. Qb5 e6 18. Qxb3 Nc4 19. Bc1 Qd7 20. Nd2 Bd3
21. Re1 Rfc8 22. Nxd5 Qxd5 23. Qxd3 Nxe5 24. Qe4 Qxe4 25. Rxe4 Nd3 26. Nb3 Rc2 27. Be3 Rxb2 28. Nc5 Nxc5 29. dxc5 Rxf2 30. Kxf2 Bxa1
31. a4 Ra5 32. Rc4 Bf6 33. c6 bxc6 34. Bb6 Rd5 35. Rxc6 Bd4+ 36. Bxd4 Rxd4 37. Rc8+ Kg7 38. a5 Ra4 39. Ra8 f5 40. a6 Kf6
41. a7 Ke5 42. Kf3 Ra3+ 43. Kf2 Kf4 44. g3+ Ke5 45. Ke2 h5 46. Rg8 Rxa7 47. Rxg6 Rh7 48. Ke3 h4 49. g4 Ra7 50. Kf2 Ra3
51. Kg2 Rg3+ 52. Kh2 fxg4 53. hxg4 Kd5 54. Rg8 e5 55. g5 Ke6 56. Rh8 Rxg5 57. Rxh4 Kd5 58. Ra4 Rg8
0-1

[Event "KO 1400/2000"]
[Site "SchemingMind.com"]
[Date "2007.05.17"]
[Round "-"]
[White "Marvol"]
[Black "JPT"]
[Result "1-0"]
[WhiteCountry "GBR"]
[BlackCountry "INT"]
[WhiteElo "1929"]
[WhiteRD "93"]
[BlackElo "1707"]
[BlackRD "70"]
[GameID "105631"]

1. e4 e5 2. Nf3 Nc6 3. Bb5 g5 4. d4 h6 5. Bxc6 dxc6 6. Nxe5 Bg7 7. O-O c5 8. Be3 Qe7 9. Nc3 c6 10. f4 cxd4
11. Bxd4 Bxe5 12. Bxe5 Rh7 13. Bd6 Qd7 14. Qd3 g4 15. e5 Rg7 16. f5 f6 17. exf6 Rf7 18. Rfe1+ Kd8 19. Qc4 b5 20. Be7+
1-0

[Event "KO 1400/2000"]
[Site "SchemingMind.com"]
[Date "2007.09.20"]
[Round "-"]
[White "Marvol"]
[Black "harmy"]
[Result "1-0"]
[WhiteCountry "GBR"]
[BlackCountry "USA"]
[WhiteElo "1979"]
[WhiteRD "92"]
[BlackElo "1907"]
[BlackRD "98"]
[GameID "120807"]

1. e4 e5 2. Nf3 Nc6 3. Bb5 a6 4. Ba4 Nf6 5. O-O Nxe4 6. d4 b5 7. Bb3 d5 8. dxe5 Be6 9. Be3 Bc5 10. Qe2 Qe7
11. c3 O-O 12. Nbd2 Na5 13. Nd4 Nxd2 14. Qxd2 Ba7 15. Bc2 c5 16. Nf3 c4 17. Nd4 Rac8 18. Bg5 Qd7 19. f4 Bf5 20. Kh1 Bxc2
21. Qxc2 Bxd4 22. cxd4 b4 23. f5 c3 24. b3 Qb5 25. f6 g6 26. Rf4 Nb7 27. h4 Nd8 28. Rg4 Qd7 29. Rg3 Ne6 30. Be3 Kh8
31. Rd1 Rg8 32. Bc1 a5 33. a4 Nd8 34. Rf1 Qa7 35. Be3 Qa6 36. Rgf3 Qe6 37. Bh6 Qg4 38. Rf4 Qh5 39. Bg5 h6 40. g4 hxg5
41. gxh5 gxf4 42. Rxf4 Ne6 43. Rf1 Nxd4 44. Qd3 Nxb3 45. Qxd5 c2 46. Qxb3 c1=Q 47. Rxc1 Rxc1+ 48. Kh2 Rgc8 49. Qxf7 R8c2+= 50. Kg3 Rg1+
51. Kf4 gxh5 52. Qxh5+ Kg8 53. Qe8+ Kh7 54. Kf5 Rf2+ 55. Ke4 b3 56. Qf7+ Kh6 57. Qxb3 Re1+ 58. Kd5 Rfe2 59. Qg3
1-0

[Event "KO 1400/2000"]
[Site "SchemingMind.com"]
[Date "2007.09.20"]
[Round "-"]
[White "harmy"]
[Black "Marvol"]
[Result "0-1"]
[WhiteCountry "USA"]
[BlackCountry "GBR"]
[WhiteElo "1904"]
[WhiteRD "95"]
[BlackElo "1945"]
[BlackRD "90"]
[GameID "120815"]

1. d4 Nf6 2. c4 g6 3. Nc3 d5 4. Nf3 Bg7 5. Bf4 O-O 6. Rc1 dxc4 7. e3 Be6 8. Ng5 Bd5 9. e4 h6 10. Nxd5 Nxd5
11. exd5 hxg5 12. Be5 Qxd5 13. Bxg7 Kxg7 14. Rxc4 Nc6 15. Be2 Rad8 16. O-O Rh8 17. Qd3 Nxd4 18. f4 gxf4 19. Rxf4 Nxe2+ 20. Qxe2 Qd1+
21. Qf1 Qxf1+ 22. Rxf1 Rd7
0-1